00513nam a2200181 a 4500001001300000003000900013005001700022008004100039020002300080082001500103100002000118245008100138260003400219300001000253500003500263505001000298650002300308nice12345678IN_TiNIC20260116012300.0050524s1997 u ka grp 000 0 eng  a0860379 c10000a297.1bAHM aAhmad, Khurshid aIslamic Perspectiveb Studies in Honour of Mawlana Sayyid Abul A`La Mawdudi. aU KbIslamic Foundationc1997 a392p. aincludes index and biblioraphy2 aIndex aIslam-20th Century